Democracy and good governance : (Record no. 145320)

MARC details
000 -LEADER
fixed length control field 00776nam a22001937a 4500
005 - DATE AND TIME OF LATEST TRANSACTION
control field 20180511151737.0
010 ## - LCCN (DPL NO)
LC control number 1718EN-30 B-681874-880
020 ## - INTERNATIONAL STANDARD BOOK NUMBER
International Standard Book Number 9789386473004
Terms of availability 695.00
035 ## - SYSTEM CONTROL NUMBER
System control number B-681874-880
037 ## - SOURCE OF ACQUISITION
Source of stock number/acquisition Pragati
Stock number dpl
082 ## - DEWEY DECIMAL CLASSIFICATION NUMBER
Classification number 321.8
100 ## - MAIN ENTRY--PERSONAL NAME
Personal name Kashyap, Subhash C.
245 ## - TITLE STATEMENT
Title Democracy and good governance :
Statement of responsibility, etc by Subhash C. Kashyap
Remainder of title some guidelines for today's parliamentarians /
260 ## - PUBLICATION, DISTRIBUTION, ETC. (IMPRINT)
Place of publication, distribution, etc New Delhi
Name of publisher, distributor, etc Vitastaa Pub.
Date of publication, distribution, etc 2017
270 ## - ADDRESS
Address 2/15, Ansari Road, Daryaganj,
City New Delhi
Postal code 110002
300 ## - PHYSICAL DESCRIPTION
Extent 420p.
Dimensions 23cm(Hb)
942 ## - ADDED ENTRY ELEMENTS (KOHA)
Source of classification or shelving scheme Dewey Decimal Classification
Item type English Books
Call number suffix KAS
Classification part 321.8
Holdings
Withdrawn status Lost status Not for loan Collection code Home library Current library Date acquired Source of acquisition Cost, normal purchase price Full call number Barcode Copy number Cost, replacement price Koha item type
      Non-fiction Ashok Vihar Ashok Vihar 11/05/2018 Pragati/142/27.11.2017/672/20.11.2017/28.11.2017 695.00 321.8 KAS B-681875 1 695.00 English Books
      Non-fiction Bawana Bawana 11/05/2018 Pragati/142/27.11.2017/672/20.11.2017/28.11.2017 695.00 321.8 KAS B-681880 1 695.00 English Books
      Non-fiction Central Library Central Library 11/05/2018 Pragati/142/27.11.2017/672/20.11.2017/28.11.2017 695.00 321.8 KAS B-681874 1 695.00 English Books
      Non-fiction Janak Puri Janak Puri 11/05/2018 Pragati/142/27.11.2017/672/20.11.2017/28.11.2017 695.00 321.8 KAS B-681877 1 695.00 English Books
      Non-fiction Narela Narela 11/05/2018 Pragati/142/27.11.2017/672/20.11.2017/28.11.2017 695.00 321.8 KAS B-681879 1 695.00 English Books
      Non-fiction Patel Nagar Patel Nagar 11/05/2018 Pragati/142/27.11.2017/672/20.11.2017/28.11.2017 695.00 321.8 KAS B-681876 1 695.00 English Books
      Non-fiction Sarojini Nagar Sarojini Nagar 11/05/2018 Pragati/142/27.11.2017/672/20.11.2017/28.11.2017 695.00 321.8 KAS B-681878 1 695.00 English Books

© Delhi Public Library
Hit Counter
free hit counter